| 000 | 01295cam a2200385 a 4500 | ||
|---|---|---|---|
| 001 | 22021 | ||
| 003 | VRT | ||
| 005 | 20260317161044.0 | ||
| 008 | 240318s2011 xo g 000 f slo | ||
| 015 | _aSNBA2012/09-04857 | ||
| 020 |
_a9788022016148 _q(viaz.) |
||
| 035 | _a3A5D1848-5C54-4E44-9E9C-3CFD6CDF2C6D | ||
| 035 | _aurn:nbn:sk:snk-amjj7s | ||
| 035 | _aurn:nbn:sk:snk-am000xr1 | ||
| 039 | 9 |
_a202403181615 _bVLOAD _c201602050927 _dmbpksh04 _c201508271412 _dVLOAD _c201508271040 _dVLOAD |
|
| 040 |
_aPPPK _bslo _cPPPK _dSNK _eAACR2 |
||
| 041 | 0 | _aslo | |
| 044 |
_axo _cSK |
||
| 072 | 7 |
_a821.162.4-3 _xSlovenská próza _2konspekt |
|
| 080 |
_a821.162.4-31 _22001 |
||
| 100 | 1 |
_aGillerová, Katarína, _d1958- _4aut |
|
| 245 | 1 | 0 |
_aKonečne sa rozhodni _cKatarína Gillerová |
| 250 | _a[1. vyd.] | ||
| 260 |
_aBratislava _bSlovenský spisovateľ _c2011 |
||
| 300 |
_a271 s. _c21 cm |
||
| 655 | 7 |
_aslovenské romány _2SNKPH |
|
| 655 | 7 |
_aSlovak fiction _2SNKPHeng |
|
| 910 | _abpksh | ||
| 942 |
_2ddc _cKLDO _n0 |
||
| 949 |
_6270001000379968 _asvkbbA 133202 _bsvkbbm 723000 |
||
| 949 |
_617A0834308 _asnkSC 147589 _bsnk2011/24741 _o2796/11 |
||
| 949 |
_617A0834307 _asnkSC 147589 D1 _bsnk2011/24742 _o2796/11 |
||
| 949 |
_63869A12835 _abpksh821.162.4-31 _bbpksh67043 |
||
| 980 | _a821.162.4-31 | ||
| 999 |
_c22021 _d22021 |
||